<?xml version="1.0" encoding="UTF-8"?>
<record
    xmlns:xsi="http://www.w3.org/2001/XMLSchema-instance"
    xsi:schemaLocation="http://www.loc.gov/MARC21/slim http://www.loc.gov/standards/marcxml/schema/MARC21slim.xsd"
    xmlns="http://www.loc.gov/MARC21/slim">

  <leader>00522nam a22001817a 4500</leader>
  <controlfield tag="005">20251014153416.0</controlfield>
  <controlfield tag="008">251014b        |||||||| |||| 00| 0 eng d</controlfield>
  <datafield tag="020" ind1=" " ind2=" ">
    <subfield code="a">9789813346673</subfield>
  </datafield>
  <datafield tag="040" ind1=" " ind2=" ">
    <subfield code="c">AL</subfield>
  </datafield>
  <datafield tag="041" ind1=" " ind2=" ">
    <subfield code="a">Kannada</subfield>
  </datafield>
  <datafield tag="082" ind1=" " ind2=" ">
    <subfield code="a">621.380414</subfield>
    <subfield code="b">KEIF</subfield>
  </datafield>
  <datafield tag="100" ind1=" " ind2=" ">
    <subfield code="a">Gerd Keiser</subfield>
    <subfield code="9">242253</subfield>
  </datafield>
  <datafield tag="245" ind1=" " ind2=" ">
    <subfield code="a">Fiber optic communications</subfield>
  </datafield>
  <datafield tag="260" ind1=" " ind2=" ">
    <subfield code="a">Singapore</subfield>
    <subfield code="b">Springer Nature</subfield>
    <subfield code="c">2021</subfield>
  </datafield>
  <datafield tag="300" ind1=" " ind2=" ">
    <subfield code="a">xxiii,640p.</subfield>
    <subfield code="b">PB</subfield>
    <subfield code="c">23.5x15.5cm</subfield>
  </datafield>
  <datafield tag="365" ind1=" " ind2=" ">
    <subfield code="a">ABDI/0818/25</subfield>
    <subfield code="b">&#x20B9;6971.97</subfield>
    <subfield code="c">&#x20AC;89.99</subfield>
    <subfield code="d">&#x20B9;9295.96</subfield>
    <subfield code="e">25%</subfield>
    <subfield code="f">03-10-2025</subfield>
  </datafield>
  <datafield tag="942" ind1=" " ind2=" ">
    <subfield code="2">ddc</subfield>
    <subfield code="c">BK</subfield>
  </datafield>
  <datafield tag="999" ind1=" " ind2=" ">
    <subfield code="c">240549</subfield>
    <subfield code="d">240549</subfield>
  </datafield>
  <datafield tag="952" ind1=" " ind2=" ">
    <subfield code="0">0</subfield>
    <subfield code="1">0</subfield>
    <subfield code="2">ddc</subfield>
    <subfield code="4">0</subfield>
    <subfield code="7">3</subfield>
    <subfield code="8">ECE </subfield>
    <subfield code="a">SE</subfield>
    <subfield code="b">SE</subfield>
    <subfield code="c">RS</subfield>
    <subfield code="d">2025-10-13</subfield>
    <subfield code="e">Academic Book Distributors, Bengaluru-562159</subfield>
    <subfield code="g">6971.97</subfield>
    <subfield code="l">0</subfield>
    <subfield code="o">621.380414 KEIF</subfield>
    <subfield code="p">SE000059</subfield>
    <subfield code="r">2025-10-14 15:38:08</subfield>
    <subfield code="v">9295.96</subfield>
    <subfield code="w">2025-10-03</subfield>
    <subfield code="y">REF</subfield>
  </datafield>
  <datafield tag="952" ind1=" " ind2=" ">
    <subfield code="0">0</subfield>
    <subfield code="1">0</subfield>
    <subfield code="2">ddc</subfield>
    <subfield code="4">0</subfield>
    <subfield code="7">3</subfield>
    <subfield code="8">ECE </subfield>
    <subfield code="a">SE</subfield>
    <subfield code="b">SE</subfield>
    <subfield code="c">RS</subfield>
    <subfield code="d">2025-10-13</subfield>
    <subfield code="e">Academic Book Distributors, Bengaluru-562159</subfield>
    <subfield code="g">6971.97</subfield>
    <subfield code="l">0</subfield>
    <subfield code="o">621.380414 KEIF</subfield>
    <subfield code="p">SE000060</subfield>
    <subfield code="r">2025-10-14 15:38:08</subfield>
    <subfield code="v">9295.96</subfield>
    <subfield code="w">2025-10-03</subfield>
    <subfield code="y">REF</subfield>
  </datafield>
  <datafield tag="952" ind1=" " ind2=" ">
    <subfield code="0">0</subfield>
    <subfield code="1">0</subfield>
    <subfield code="2">ddc</subfield>
    <subfield code="4">0</subfield>
    <subfield code="7">3</subfield>
    <subfield code="8">ECE </subfield>
    <subfield code="a">SE</subfield>
    <subfield code="b">SE</subfield>
    <subfield code="c">RS</subfield>
    <subfield code="d">2025-10-13</subfield>
    <subfield code="e">Academic Book Distributors, Bengaluru-562159</subfield>
    <subfield code="g">6971.97</subfield>
    <subfield code="l">0</subfield>
    <subfield code="o">621.380414 KEIF</subfield>
    <subfield code="p">SE000061</subfield>
    <subfield code="r">2025-10-14 15:38:08</subfield>
    <subfield code="v">9295.96</subfield>
    <subfield code="w">2025-10-03</subfield>
    <subfield code="y">REF</subfield>
  </datafield>
  <datafield tag="952" ind1=" " ind2=" ">
    <subfield code="0">0</subfield>
    <subfield code="1">0</subfield>
    <subfield code="2">ddc</subfield>
    <subfield code="4">0</subfield>
    <subfield code="7">3</subfield>
    <subfield code="8">ECE </subfield>
    <subfield code="a">SE</subfield>
    <subfield code="b">SE</subfield>
    <subfield code="c">RS</subfield>
    <subfield code="d">2025-10-13</subfield>
    <subfield code="e">Academic Book Distributors, Bengaluru-562159</subfield>
    <subfield code="g">6971.97</subfield>
    <subfield code="l">0</subfield>
    <subfield code="o">621.380414 KEIF</subfield>
    <subfield code="p">SE000062</subfield>
    <subfield code="r">2025-10-14 15:38:08</subfield>
    <subfield code="v">9295.96</subfield>
    <subfield code="w">2025-10-03</subfield>
    <subfield code="y">REF</subfield>
  </datafield>
  <datafield tag="952" ind1=" " ind2=" ">
    <subfield code="0">0</subfield>
    <subfield code="1">0</subfield>
    <subfield code="2">ddc</subfield>
    <subfield code="4">0</subfield>
    <subfield code="7">3</subfield>
    <subfield code="8">ECE </subfield>
    <subfield code="a">SE</subfield>
    <subfield code="b">SE</subfield>
    <subfield code="c">RS</subfield>
    <subfield code="d">2025-10-13</subfield>
    <subfield code="e">Academic Book Distributors, Bengaluru-562159</subfield>
    <subfield code="g">6971.97</subfield>
    <subfield code="l">0</subfield>
    <subfield code="o">621.380414 KEIF</subfield>
    <subfield code="p">SE000063</subfield>
    <subfield code="r">2025-10-14 15:38:08</subfield>
    <subfield code="v">9295.96</subfield>
    <subfield code="w">2025-10-03</subfield>
    <subfield code="y">REF</subfield>
  </datafield>
</record>
